| 000 | 01186cam a22002771i 4500 | ||
|---|---|---|---|
| 003 | SA-RiAUC | ||
| 005 | 20241006084616.0 | ||
| 008 | 241005s1994 su g i00000bara c | ||
| 040 |
_aSA-RiKSU _bara _cSA-RiAUC _erda |
||
| 082 | 0 | 4 | _a922.113 |
| 090 |
_a922.113 _bا ح م |
||
| 245 | 0 | 0 |
_aأحمد محمد جمال : _bالداعية-المفسر-الأديب / _cتحرير محسن أحمد باروم [ومجموعة آخرون] |
| 264 | 1 |
_aمكة المكرمة : _bرابطة العالم الإسلامي، _c1994 |
|
| 300 |
_a228 صفحة ؛ _c21 سم. |
||
| 336 |
_aنص _btxt _2rdacontent _3كتاب |
||
| 337 |
_aبدون وسيط _bn _2rdamedia |
||
| 338 |
_aمجلد _bnc _2rdacarrier |
||
| 440 | 0 |
_aدعوة الحق (رابطة العالم الإسلامي (مكة المكرمة)) _v144 |
|
| 600 | 1 | 7 |
_aجمال، أحمد محمد صالح، _d1343-1413 هجري _2aucnm |
| 630 | 2 | 7 |
_aالقرآن _xتفسير _vتراجم _2aucut |
| 650 | 7 |
_aالدعاة _vتراجم _2aucsh |
|
| 700 | 1 |
_aباروم، محسن أحمد، _d1347 هجري- _eمحرر. |
|
| 942 |
_2ddc _cBOOK _n0 |
||
| 949 |
_aSA-JeALM _d241005 _umohamedma123 _n1 |
||
| 999 |
_c921 _d921 |
||